000 00441nam a2200169Ia 4500
008 230711s9999||||xx |||||||||||||| ||und||
020 _a978-93-5202-011-9
041 _aENG
082 _a658.3
_bSA-A
100 _aSarma, A M
245 0 _aAspects of labour welfare and social security
250 _a12th Ed.
260 _c2016
_aMumbai
_bHimalaya Publishing House
300 _a423p.
650 _aUNIVESITY BUSNIESS SCHOOL
942 _cBK
999 _c5950
_d5950